| 000 | 01531nam a22003977a 4500 | ||
|---|---|---|---|
| 003 | CHAP | ||
| 005 | 20220329141332.0 | ||
| 008 | 971013s1983 r 00010 d | ||
| 010 | _a66586 | ||
| 011 | _a67558 | ||
| 035 | _a77028 | ||
| 040 | _cCHAP | ||
| 082 |
_a632.58 _bV55 |
||
| 100 | 0 | 0 |
_aVillarreal Quintanilla, José Angel. _9119650 |
| 245 | _aMalezas de Buenavista, Coahuila | ||
| 260 |
_aBuenavista, Salt., Coah. : _bUniversidad Autónoma Agraria Antonio Narro, _c1983 |
||
| 300 |
_a271 p. _b: ilus. |
||
| 500 | _a28-201 | ||
| 590 |
_aBATCH-UPD _b10 _c20130110 _lUCH01 _h0148 |
||
| 590 |
_aBATCH-UPD _b10 _c20130110 _lUCH01 _h1911 |
||
| 590 |
_aBATCH-UPD _b10 _c20130409 _lUCH01 _h2148 |
||
| 590 |
_aBATCH-UPD _b10 _c20130410 _lUCH01 _h1238 |
||
| 590 |
_aBATCH-UPD _b10 _c20130914 _lUCH01 _h1741 |
||
| 590 |
_aCONVERSION _b10 _c20130109 _lUCH01 _h1337 |
||
| 650 | 1 | 4 |
_aMalas hierbas _xCoahuila. _970008 |
| 650 | 1 | 4 |
_aMalas hierbas _xIdentificación. _970020 |
| 710 | 0 |
_aUniversidad Autónoma Agraria Antonio Narro. Saltillo, Coah. _9116288 |
|
| 901 | _aBK | ||
| 942 | _cLIBRO | ||
| 949 |
_a632.58 V55 _bBC _cC _d33724000647780 _eC _fc.2 _h74375 _i77028 _si |
||
| 949 |
_a632.58 V55 _bBC _cC _d33724000664835 _eC _h74374 _i77028 _si |
||
| 949 |
_a632.58 V55 _bBC _cC _d33724000920864 _eC _fc.3 _h75689 _i77028 _si |
||
| 949 |
_a632.58 V55 _bBC _cLIBRO _d33724000923066 _eLIBRO _fc.5 _h104534 _i77028 _si |
||
| 949 |
_a632.58 V55 _bBC _cLIBRO _d33724000941472 _eLIBRO _fc.4 _h76634 _i77028 _si |
||
| 949 |
_a632.58 V55 _bPA _cLIBRO _d-5486 _eLIBRO _h1605 _i77028 _si |
||
| 999 |
_c66586 _d66586 |
||